000 00434nam a2200193Ia 4500
003 OSt
005 20251031153407.0
008 250729s2006 xx 000 0 und d
020 _a978-8120700253
040 _cAL
041 _aeng
082 _a930.7 KOCT
100 _aKochhar S K
_9223712
245 _aTeaching of history
260 _aNew Delhi
_c2006
300 _a388p
650 _aHistory
_9223713
942 _2ddc
_cBED
999 _c236045
_d236045